Nazionali con meno gol segnati agli Europei - Statistics

Statistiche generali
  • Questo quiz è stato fatto 12 volte
    9 dall'ultimo reset
  • Il punteggio medio è 12 su 14
Statistiche sulle risposte
Gol Nazionale % Corretto
4 Bulgaria
100%
1 Finlandia
100%
1 Lettonia
100%
2 Macedonia del Nord
100%
6 Slovenia
100%
4 Albania
89%
6 Irlanda
89%
8 Islanda
89%
9 Slovacchia
89%
5 Georgia
78%
1 Norvegia
78%
10 Ucraina
78%
7 Scozia
56%
2 Irlanda del Nord
44%
Nessun quiz corrispondente trovato
Distribuzione punteggi
Percentuale di utenti per punteggio
Percentile per numero di risposta
I tuoi punteggi nel tempo
Non hai fatto questo quiz dall'ultimo reset